Los días de la revolución : (Registro nro. 362)
[ vista simple ]
| 000 -LEADER | |
|---|---|
| fixed length control field | 01418nam a22002057a 4500 |
| 003 - CONTROL NUMBER IDENTIFIER | |
| control field | OSt |
| 005 - DATE AND TIME OF LATEST TRANSACTION | |
| control field | 20241018103338.0 |
| 008 - FIXED-LENGTH DATA ELEMENTS--GENERAL INFORMATION | |
| fixed length control field | 241018s2022 ag ||||| |||| 00| 0 spa d |
| 020 ## - INTERNATIONAL STANDARD BOOK NUMBER | |
| International Standard Book Number | 9789877389258 |
| 040 ## - CATALOGING SOURCE | |
| Transcribing agency | besoc |
| 100 1# - MAIN ENTRY--PERSONAL NAME | |
| Personal name | Sacheri, Eduardo, |
| Dates associated with a name | 1967- |
| Relator term | autor |
| 245 14 - TITLE STATEMENT | |
| Title | Los días de la revolución : |
| Remainder of title | Una historia de Argentina cuando no era Argentina (1806-1820) / |
| Statement of responsibility, etc. | Eduardo Sacheri |
| 260 ## - PUBLICATION, DISTRIBUTION, ETC. | |
| Place of publication, distribution, etc. | Buenos Aires : |
| Name of publisher, distributor, etc. | Alfaguara, |
| Date of publication, distribution, etc. | 2022 |
| 300 ## - PHYSICAL DESCRIPTION | |
| Extent | 287 p. |
| 505 0# - FORMATTED CONTENTS NOTE | |
| Formatted contents note | Contiene: Primer acto: Cómo construir un imperio -- 1. El siglo XV: Europa pasa a la ofensiva -- 2. La construcción del Imperio Español -- 3. Las reformas borbónicas -- 4. El Virreinato del Río de la Plata -- Segundo acto: Los días de la Revolución -- 5. Francia y Napoleón -- 6. Las Invasiones Inglesas -- 7. La crisis de España en 1808 -- 8. El Río de la Plata en vísperas de la Revolución -- 9. Los días de Mayo -- Tercer acto: Errante en las sombras -- 10. La soledad de la Revolución -- 11. La nueva definición del poder -- 12. La guerra y el ejército -- 13. Los frentes de la guerra -- 14. La evolución de la política -- 15. Sociedad y economía de guerra -- 16. El derrumbe de 1820. |
| 650 #4 - SUBJECT ADDED ENTRY--TOPICAL TERM | |
| Topical term or geographic name entry element | Argentina |
| General subdivision | Historia |
| Chronological subdivision | 1810, Revolución de Mayo |
| 650 #4 - SUBJECT ADDED ENTRY--TOPICAL TERM | |
| Topical term or geographic name entry element | Argentina |
| General subdivision | Historia |
| Chronological subdivision | 1810-1816, Guerras de Independencia |
| 650 #4 - SUBJECT ADDED ENTRY--TOPICAL TERM | |
| Topical term or geographic name entry element | Argentina |
| General subdivision | Historia |
| Chronological subdivision | 1776-1816, Virreinato del Río de la Plata |
| 942 ## - ADDED ENTRY ELEMENTS (KOHA) | |
| Source of classification or shelving scheme | Universal Decimal Classification |
| Koha item type | Obra General |
| Suppress in OPAC | No |
| Withdrawn status | Lost status | Source of classification or shelving scheme | Damaged status | Not for loan | Collection | Home library | Current library | Date acquired | Total checkouts | Full call number | Barcode | Date due | Date last seen | Date last checked out | Price effective from | Koha item type |
|---|---|---|---|---|---|---|---|---|---|---|---|---|---|---|---|---|
| Universal Decimal Classification | Colección General | Biblioteca Escuela de Ciencias Sociales | Biblioteca Escuela de Ciencias Sociales | 18/10/2024 | 1 | 94(82)"18" SA121 | 001268 | 27/07/2026 | 23/06/2026 | 23/06/2026 | 18/10/2024 | Obra General |